| 000 | 01205cam a22002531i 4500 | ||
|---|---|---|---|
| 003 | SA-RiAUC | ||
| 005 | 20251230100044.0 | ||
| 008 | 251229s2005 su g 000 0 ara c | ||
| 040 |
_aSA-JeALM _bara _cSA-RiAUC _erda |
||
| 082 | 0 | 4 |
_a252.5 _qSA-RiAUC |
| 090 |
_a252.5 _bا ب ن ج |
||
| 100 | 1 |
_aابن جبرين، عبد الله بن عبد الرحمن بن عبد الله، _d1352-1430 هجري _eمؤلف. |
|
| 245 | 1 | 0 |
_aبعض المخالفات المنتشرة بين الحجاج والمعتمرين / _cتأليف عبد الله بن عبد الرحمن الجبرين ؛ صححه وأعده للنشر محمد بن حمد المنيع. |
| 264 | 1 |
_aالرياض : _bدار الإفهام للنشر والتوزيع، _c2005 |
|
| 300 |
_a58 صفحة ؛ _c16 سم |
||
| 336 |
_aنص _btxt _2rdacontent _3كتاب |
||
| 337 |
_aبدون وسيط _bn _2rdamedia |
||
| 650 | 7 |
_aالحج (فقه إسلامي) _xمناسك _2aucsh |
|
| 650 | 7 |
_aالعمرة (فقه إسلامي) _xمناسك _2aucsh |
|
| 650 | 7 |
_aالعبادات (فقه إسلامي) _2aucsh |
|
| 700 | 1 |
_aالمنيع، محمد بن حمد _eمصحح. |
|
| 942 |
_2ddc _cBOOK _n0 |
||
| 949 |
_aSA-JeALM _d251229 _uosman123 _n1 |
||
| 999 |
_c13851 _d13851 |
||